Statistics for Tuvalu First Level Subdivisions

Click here to take the quiz!

General Stats

  • This quiz has been taken 148 times
  • The average score is 5 of 9

Answer Stats

Municipalities% Correct
Funafuti
93%
Nui
56%
Nukufetau
52%
Vaitupu
52%
Nanumea
48%
Nanumanga
44%
Nukulaelae
41%
Niutao
37%
Niulakita
33%

Score Distribution

Percentile by Number Answered

Percent of People with Each Score

Your Score History

You have not taken this quiz